| 000 | 00668nam a22002417a 4500 | ||
|---|---|---|---|
| 999 |
_c108924 _d108924 |
||
| 005 | 20200521131335.0 | ||
| 010 | _aA-420002 | ||
| 020 | _c40.00 | ||
| 035 | _aA-420002 | ||
| 037 | _bCen Lib/Ret | ||
| 082 | _aن | ||
| 100 | _aآمنہ اقبال احمد | ||
| 245 |
_aعجیب شخص / _cآمنہ اقبال احمد |
||
| 246 |
_aAjeeb shakhs / _bby Aamna Iqbal Ahmad |
||
| 260 |
_aراولپنڈی _bسرور-ای-سلطان _c1987 ء |
||
| 270 | _bراولپنڈی | ||
| 300 |
_a397p. _c18cm(Hb) |
||
| 650 | _aادب -- اردو | ||
| 650 | _aناول | ||
| 650 | _aLiterature -- Urdu | ||
| 650 | _aNavol | ||
| 942 |
_2ddc _cUR _hن _mآ م ن |
||